LEADER 01259nas 2200397 450 001 990003121630203316 005 20080626095836.0 011 $a1830-205X 035 $a000312163 035 $aUSA01000312163 035 $a(ALEPH)000312163USA01 035 $a000312163 100 $a20080625d2005----km-y0itaa50------ba 101 0 $aita 102 $aLU 110 $aafyzz--0zz0 200 1 $aSynergy$ethe IDABC quarterly$fEuropean Commission, Enterprise and industry directorate-general 207 $a1(2005)- 210 $aLuxembourg$cOffice for official publications of the European Communities$d2005- 215 $av.$d30 cm 326 $aTrimestrale 606 0 $aCarta d'identità elettronica 676 $a346.012 699 $a19.03$bReti d'informazione 712 02$aCOMMISSIONE EUROPEA :$bDirezione generale Imprese e industria 801 0$aIT$bsalbc$gISBD 856 4$uhttp://ec.europa.eu/idabc/en/chapter/5584$4.$zAccesso on line 912 $a990003121630203316 958 $aCDE$bCDE / SYN$c(2005)- 959 $aSE 969 $aCDE 979 $aMARIAS$b90$c20080625$lUSA01$h1211 979 $aMARIAS$b90$c20080625$lUSA01$h1417 979 $aMARIAS$b90$c20080626$lUSA01$h0958 996 $aSynergy$91020152 997 $aUNISA LEADER 01016cam0-22002771i-450- 001 990004798530403321 005 20060925122458.0 035 $a000479853 035 $aFED01000479853 035 $a(Aleph)000479853FED01 035 $a000479853 100 $a19990604g18901891km-y0itay50------ba 101 2 $aita$ager 102 $aIT 105 $ay---e---001yy 200 1 $aNuovo dizionario italiano-tedesco e tedesco-italiano$econtenente oltre settantamila vocaboli, in riguardo anche alla terminologia commerciale, marittima, militare... arricchito di oltre quindicimila esempi, locuzioni proprie e proverbi delle due lingue...$fcompilato da Giuseppe Oberosler 210 $aMilano$cF.lli Treves$d1890-1891 215 $a2 v.$d18 cm 700 1$aOberosler,$bGiuseppe$0191893 801 0$aIT$bUNINA$gRICA$2UNIMARC 901 $aBK 912 $a990004798530403321 952 $a2/VIII H 1$b2455$fFLFBC 959 $aFLFBC 996 $aNuovo dizionario italiano-tedesco e tedesco-italiano$9560820 997 $aUNINA LEADER 00839nam0-22003131i-450- 001 990003192490403321 010 $a88-420-3360-X 035 $a000319249 035 $aFED01000319249 035 $a(Aleph)000319249FED01 035 $a000319249 100 $a20000920d1989----km-y0itay50------ba 101 0 $aita 102 $aIT 200 1 $a<>sindacato nell'Italia del benessere$fSergio Turone. 210 $aRoma$aBari$cLaterza$d1989. 215 $a223 p.$d21 cm 225 1 $aLibri del tempo Laterza$v215 676 $a18630 676 $aG/2.43 702 1$aTurone,$bSergio$f<1930-1995> 801 0$aIT$bUNINA$gRICA$2UNIMARC 901 $aBK 912 $a990003192490403321 952 $a18630 TUR$b9953$fSES 959 $aSES 996 $aSindacato nell'Italia del benessere$9453482 997 $aUNINA DB $aING01 LEADER 01292nam0-2200397---450- 001 990008254570403321 005 20060112164434.0 010 $a0-8218-3630-7 035 $a000825457 035 $aFED01000825457 035 $a(Aleph)000825457FED01 035 $a000825457 100 $a20060112d2005----km-y0itay50------ba 101 0 $aeng 102 $aUS 105 $aa---a---101yy 200 1 $aAlgebraic structures and their representations$e15. coloquio latinoamericano de algebra- Cocoyoc, Morelos,Mexico - July 20-26,2003$fJ-A. de la Pena, Ernesto Vallejo, Natig Atakishiyev, editors 210 $aProvidence$cAmerican mathematical society$dc2005 215 $axxv, 436 p.$d24 cm 225 1 $aContemporary mathematics$v376 610 0 $aAlgebra$aCongressi 676 $a515.3$v22 702 1$aPena,$bJosé Antonio : de La 702 1$aVallejo,$bJose 702 1$aAtakishiyev,$bNating M. 710 12$aColoquio latinoamericano de algebra$d15.$fJuly 20-26,2003$eMexico$0499434 801 0$aIT$bUNINA$gRICA$2UNIMARC 901 $aBK 912 $a990008254570403321 952 $aC-1-(376$b21198$fMA1 959 $aMA1 962 $a13D05 962 $a13H10 962 $a16E10 996 $aAlgebraic structures and their representations$9743246 997 $aUNINA LEADER 01035nam0-22003011i-450- 001 990003784600403321 005 20001010 010 $a2-02-000723-1 035 $a000378460 035 $aFED01000378460 035 $a(Aleph)000378460FED01 035 $a000378460 100 $a20001010d--------km-y0itay50------ba 101 0 $aita 105 $ay-------001yy 200 1 $aOeuvres complètes$e2. L'éducation sentimentale, Trois contes, Bouvard et Pècuchet, Le dictionnaire des idées reçues, Théatre, Voyages$fGustave Flaubert$gpréface de Jean Bruneau$gprésentation et notes de Bernard Masson 210 $aParis$cEditions du Seuil$dc1964 (stampa 1981) 215 $a792 p.$d22 cm 225 1 $a<>Intégrale$fcollec tion dirigée par Luc Estang 700 1$aFlaubert,$bGustave$f<1821-1880>$0142392 801 0$aIT$bUNINA$gRICA$2UNIMARC 901 $aBK 912 $a990003784600403321 952 $aC / FLA 1,2$b3145/2$fBFS 959 $aBFS 996 $aOeuvres complètes$9490374 997 $aUNINA DB $aING01